Introducing hospitality / (Record no. 284520)
[ view plain ]
| 000 -LEADER | |
|---|---|
| fixed length control field | 00760nam a2200217 a 4500 |
| 001 - CONTROL NUMBER | |
| control field | CDL005356 |
| 003 - CONTROL NUMBER IDENTIFIER | |
| control field | PILC |
| 005 - DATE AND TIME OF LATEST TRANSACTION | |
| control field | 20150530104724.0 |
| 008 - FIXED-LENGTH DATA ELEMENTS--GENERAL INFORMATION | |
| fixed length control field | |
| 020 ## - INTERNATIONAL STANDARD BOOK NUMBER | |
| International Standard Book Number | 9789814598095 |
| 050 ## - LIBRARY OF CONGRESS CALL NUMBER | |
| Classification number | TX 911 |
| Item number | .W177 2014 |
| 100 ## - MAIN ENTRY--PERSONAL NAME | |
| Personal name | Walker, John R. |
| 245 #0 - TITLE STATEMENT | |
| Title | Introducing hospitality / |
| Statement of responsibility, etc | John R. Walker. |
| 260 ## - PUBLICATION, DISTRIBUTION, ETC. (IMPRINT) | |
| Place of publication, distribution, etc | Singapore : |
| Name of publisher, distributor, etc | Pearson, |
| Date of publication, distribution, etc | 2014. |
| 300 ## - PHYSICAL DESCRIPTION | |
| Extent | i, 590 pages : |
| Other physical details | illustrations ; |
| Dimensions | 28 cm. |
| 500 ## - GENERAL NOTE | |
| General note | Includes index. |
| 520 ## - SUMMARY, ETC. | |
| Summary, etc | This program provides an insight into: how the hospitality industry has changed, its contribution to the economy, and what the current issues are for those working in the industry. |
| 538 ## - SYSTEM DETAILS NOTE | |
| System details note | DVD format. |
| 650 ## - SUBJECT ADDED ENTRY--TOPICAL TERM | |
| Topical term or geographic name as entry element | Hospitality industry. |
| 942 ## - ADDED ENTRY ELEMENTS (KOHA) | |
| Source of classification or shelving scheme | Library of Congress Classification |
| Koha item type | Books |
| Call number prefix | Local |
| Withdrawn status | Lost status | Source of classification or shelving scheme | Damaged status | Home library | Current library | Shelving location | Date acquired | Source of acquisition | Sub Shelving location | Total Checkouts | Total Renewals | Full call number | Barcode | Date last seen | Date checked out | Price effective from | Koha item type |
|---|---|---|---|---|---|---|---|---|---|---|---|---|---|---|---|---|---|
| Library of Congress Classification | College Library | College Library | Reserve Section | 05/30/2015 | Library Fund | 1 | 9 | TX 911 .W177 2014 | C19442 | 05/15/2018 | 11/12/2015 | 05/30/2015 | Books |